01078nam a22002417a 450000500170000001000340001702000260005103500140007703500140009103700090010508200110011410000250012524500590015025000060020926000490021527001190026430000200038350000490040394200250045299900190047795201760049695201640067220250619145644.0 aDEC24SC ENG-142983 ENG-145492 a9789358708301c799.00 aEN-126515 aEN-129024 bDBAD a00021 aGoyal, S. K. 982152 a104 NTA Papers of JEE Main Mathematics/cBy S.K. Goyal a1 aNew DelhibS Chand and Company Limitedc2024 a A-27, 2nd Floor, Mohan Co-operative Industrial EstatebNew Delhie110044minfo@schandpublishing.comk011-49731800 a817p.c26cm(pb) aChapter-wise Previous Years’ Solved Papers 2ddccENh000mJEEe1 c207589d207589 001040708NFICaLbLd2024-12-11eDelivery of Books Divisiong799.00l0o000 JEEpEN-126515r2024-12-11 00:00:00t1v799.00w2024-12-11yENzIssued to Staff (P. No. 123) 001040708NFICaRC4SEELPbRC4SEELPd2025-06-19eDelivery of Books Act Divisiong799.00l0o000 JEEpEN-129024r2025-06-19 00:00:00t1v799.00w2025-06-19yEN